<?xml version="1.0" encoding="UTF-8"?>
<marc:record xmlns:marc="http://www.loc.gov/MARC21/slim">
   <marc:leader>00000nam a2200000 a 4500</marc:leader>
   <marc:datafield ind1="1" ind2=" " tag="100">
      <marc:subfield code="a">Groult, Benoîte</marc:subfield>
      <marc:subfield code="4">aut</marc:subfield>
      <marc:subfield code="e">Verfasser/-in</marc:subfield>
   </marc:datafield>
   <marc:datafield ind1="1" ind2=" " tag="100">
      <marc:subfield code="a">Klobusiczky, Patricia</marc:subfield>
      <marc:subfield code="4">trl</marc:subfield>
      <marc:subfield code="e">Übersetzer/-in</marc:subfield>
   </marc:datafield>
   <marc:datafield ind1=" " ind2=" " tag="653">
      <marc:subfield code="a">Feminismus</marc:subfield>
   </marc:datafield>
   <marc:datafield ind1=" " ind2=" " tag="653">
      <marc:subfield code="a">Salz auf unserer Haut</marc:subfield>
   </marc:datafield>
   <marc:datafield ind1=" " ind2=" " tag="653">
      <marc:subfield code="a">Frankreich</marc:subfield>
   </marc:datafield>
   <marc:datafield ind1=" " ind2=" " tag="653">
      <marc:subfield code="a">Liebe</marc:subfield>
   </marc:datafield>
   <marc:datafield ind1=" " ind2=" " tag="653">
      <marc:subfield code="a">Beziehung</marc:subfield>
   </marc:datafield>
   <marc:datafield ind1=" " ind2=" " tag="653">
      <marc:subfield code="a">Erotik</marc:subfield>
   </marc:datafield>
   <marc:datafield ind1=" " ind2=" " tag="653">
      <marc:subfield code="a">Sinnlichkeit</marc:subfield>
   </marc:datafield>
   <marc:datafield ind1=" " ind2=" " tag="653">
      <marc:subfield code="a">Älterwerden</marc:subfield>
   </marc:datafield>
   <marc:datafield ind1=" " ind2=" " tag="653">
      <marc:subfield code="a">Emanzipation</marc:subfield>
   </marc:datafield>
   <marc:datafield ind1=" " ind2=" " tag="653">
      <marc:subfield code="a">Weibliche Emanzipation</marc:subfield>
   </marc:datafield>
   <marc:datafield ind1=" " ind2=" " tag="653">
      <marc:subfield code="a">Irland</marc:subfield>
   </marc:datafield>
   <marc:datafield ind1=" " ind2=" " tag="653">
      <marc:subfield code="a">Fischer</marc:subfield>
   </marc:datafield>
   <marc:datafield ind1=" " ind2=" " tag="653">
      <marc:subfield code="a">Hochseefischerei</marc:subfield>
   </marc:datafield>
   <marc:datafield ind1=" " ind2=" " tag="653">
      <marc:subfield code="a">autobiografisch</marc:subfield>
   </marc:datafield>
   <marc:datafield ind1=" " ind2=" " tag="653">
      <marc:subfield code="a">Softcover / Belletristik/Briefe</marc:subfield>
   </marc:datafield>
   <marc:datafield ind1=" " ind2=" " tag="653">
      <marc:subfield code="a">Tagebücher</marc:subfield>
   </marc:datafield>
   <marc:datafield ind1="0" ind2="0" tag="245">
      <marc:subfield code="a">Vom Fischen und von der Liebe</marc:subfield>
   </marc:datafield>
   <marc:datafield ind1="0" ind2="0" tag="245">
      <marc:subfield code="b">mein irisches Tagebuch (1977-2003)</marc:subfield>
   </marc:datafield>
   <marc:datafield ind1="0" ind2="0" tag="245">
      <marc:subfield code="c">Benoîte Groult ; aus dem Französischen von Patricia Klobusiczky</marc:subfield>
   </marc:datafield>
   <marc:datafield ind1=" " ind2="1" tag="264">
      <marc:subfield code="a">Berlin</marc:subfield>
      <marc:subfield code="b">Ullstein</marc:subfield>
      <marc:subfield code="c">2019</marc:subfield>
   </marc:datafield>
   <marc:datafield ind1="1" ind2=" " tag="520">
      <marc:subfield code="a">Angaben aus der Verlagsmeldung

Vom Fischen und von der Liebe : Mein irisches Tagebuch (1977-2003) Journal d'Irlande (1977-2003), Carnets de pêche et d'amour

Jahre der Wunder und Dämonen - unveröffentlichte Tagebuchaufzeichnungen einer der Galionsfiguren des Feminismus Sechsundzwanzig Sommer lang führte Benoîte Groult in Irland Tagebuch, wo sie mit ihrem Mann, dem Autor Paul Guimard („Die Dinge des Lebens“), ein Haus besaß. Man begegnet der französischen Schriftstellerin und feministischen Galionsfigur in diesen Aufzeichnungen aus nächster Nähe, sie lassen eine Frau erkennen, die nach etlichen Umwegen und Verletzungen zu sich selbst gefunden hat – eine sehr freie Frau, auch nach heutigen Maßstäben. Unbefangen schreibt Groult über geistiges und sinnliches Begehren, über ihre jahrzehntelange Ménage à trois, an der sich ihr Weltbestseller „Salz auf unserer Haut“ inspirierte. Zu den schönsten, wenngleich wehmütigsten Momenten des Buches gehören die Gedanken der Autorin in Bezug auf das Älterwerden: das als schmerzhaft empfundene Missverhältnis zwischen abnehmender Vitalität und gleichbleibendem Sehnen und Verlangen – wunderbar gespiegelt in den Passagen, die sie in der archaischen Rolle der Jägerin beim Hochseefischen zeigen.
„Dieses Buch ist das Zeugnis einer unabhängigen Frau, die den Herausforderungen des Lebens und des Alters in bewundernswerter Weise die Stirn bietet.“ Le Nouvel Observateur"Eine wunderbare Lektion in Lebensfreude."Le Figaro Littéraire"Ihre letzte literarische Geste zeugt von einer außergewöhnlichen Energie und echtem Lebensstil." L’Express
</marc:subfield>
   </marc:datafield>
   <marc:datafield ind1=" " ind2=" " tag="020">
      <marc:subfield code="a">9783550050961</marc:subfield>
      <marc:subfield code="9">9783550050961</marc:subfield>
   </marc:datafield>
   <marc:datafield ind1=" " ind2=" " tag="020">
      <marc:subfield code="a">3550050968</marc:subfield>
      <marc:subfield code="9">3550050968</marc:subfield>
   </marc:datafield>
   <marc:datafield ind1=" " ind2=" " tag="041">
      <marc:subfield code="a">ger</marc:subfield>
   </marc:datafield>
   <marc:datafield ind1=" " ind2=" " tag="300">
      <marc:subfield code="a">396 Seiten</marc:subfield>
   </marc:datafield>
</marc:record>
